|
|
|
|
| LEADER |
00000cem a22000004a 4500 |
| 001 |
musev2_79987 |
| 003 |
MdBmJHUP |
| 005 |
20230905052230.0 |
| 006 |
m o d |
| 007 |
cr||||||||nn|n |
| 008 |
150706s2014 enk o 00 0 eng d |
| 010 |
|
|
|z 2015452151
|
| 020 |
|
|
|a 9781447313557
|
| 020 |
|
|
|z 9781447313533
|
| 035 |
|
|
|a (OCoLC)881608110
|
| 040 |
|
|
|a MdBmJHUP
|c MdBmJHUP
|
| 100 |
1 |
|
|a Ballas, Dimitris,
|e author.
|
| 245 |
1 |
4 |
|a The Social Atlas of Europe /
|c Dimitris Ballas, Danny Dorling and Benjamin Hennig.
|
| 264 |
|
1 |
|a Bristol, UK :
|b Policy Press,
|c 2014.
|
| 264 |
|
3 |
|a Baltimore, Md. :
|b Project MUSE,
|c 2021
|
| 264 |
|
4 |
|c ©2014.
|
| 300 |
|
|
|a 1 online resource (256 pages):
|b color illustrations, color maps ;
|
| 336 |
|
|
|a text
|b txt
|2 rdacontent
|
| 337 |
|
|
|a computer
|b c
|2 rdamedia
|
| 338 |
|
|
|a online resource
|b cr
|2 rdacarrier
|
| 505 |
0 |
|
|a 1. Introduction -- 2. Identity and culture -- 3. Demographics -- 4. Education -- 5. Employment -- 6. Industry and occupation -- 7. Health -- 8. Politics -- 9. Economics -- 10. Environment -- 11. Social cohesion -- 12. Policy -- 13. Conclusion.
|
| 520 |
|
|
|a This social atlas highlights the notion of Europe as a single entity by looking at its physical and population geography simultaneously in new ways, using state-of-the-art Geographical Information Systems (GIS) and new human cartography techniques, building on recent developments and innovative Worldmapper applications. In this atlas, we present nearly two hundred maps and illustrations, painting a picture of Europe, its people and its environment in relation to a wide range of themes and using data from a variety of sources such as the European Values Survey, Eurostat, the International Labour Organisation, the World Bank and the World Health Organization.
|
| 588 |
|
|
|a Description based on print version record.
|
| 630 |
0 |
7 |
|a Europa
|2 gnd
|
| 650 |
|
7 |
|a Wirtschaft
|2 gnd
|
| 650 |
|
7 |
|a Sozialstatistik
|2 gnd
|
| 650 |
|
7 |
|a Anthropogeografie
|2 gnd
|
| 650 |
|
7 |
|a Social conditions
|2 fast
|0 (OCoLC)fst01919811
|
| 650 |
|
7 |
|a Population geography.
|2 fast
|0 (OCoLC)fst01071591
|
| 650 |
|
7 |
|a Population.
|2 fast
|0 (OCoLC)fst01071476
|
| 650 |
|
7 |
|a Human geography.
|2 fast
|0 (OCoLC)fst00963107
|
| 650 |
|
0 |
|a Human geography
|z Europe.
|
| 650 |
|
0 |
|a Population geography
|z Europe.
|
| 650 |
|
0 |
|a Human geography
|z Europe
|v Maps.
|
| 650 |
|
0 |
|a Population geography
|z Europe
|v Maps.
|
| 651 |
|
7 |
|a Europe.
|2 fast
|0 (OCoLC)fst01245064
|
| 651 |
|
0 |
|a Europe
|x Population.
|
| 651 |
|
0 |
|a Europe
|x Social conditions.
|
| 651 |
|
0 |
|a Europe
|x Population
|v Maps.
|
| 651 |
|
0 |
|a Europe
|x Social conditions
|v Maps.
|
| 655 |
|
7 |
|a Maps.
|2 fast
|0 (OCoLC)fst01423704
|
| 655 |
|
7 |
|a Maps.
|2 lcgft
|
| 655 |
|
7 |
|a Electronic books.
|2 local
|
| 700 |
1 |
|
|a Hennig, Benjamin,
|e author.
|
| 700 |
1 |
|
|a Dorling, Daniel,
|e author.
|
| 710 |
2 |
|
|a Project Muse.
|e distributor
|
| 830 |
|
0 |
|a Book collections on Project MUSE.
|
| 856 |
4 |
0 |
|z Texto completo
|u https://projectmuse.uam.elogim.com/book/79987/
|
| 945 |
|
|
|a Project MUSE - Custom Collection
|